000 01112cad a22002055a 4500
001 L156714
008 120627s2012 xxk f 000 0 eng d
035 _a(Sirsi) u156714
041 0 _aeng
110 2 _aUnited Kingdom
_bDepartment of Energy and Climate Change
_95850
245 0 0 _aReview of the number of cavity walls in Great Britain
_bMethodology
_h[electronic resource]
260 _aLondon
_bDECC
_c2012
520 _aUpdate to a 2010 study which gave an estimate of the number of hard to fill cavity walls in domestic dwellings in Great Britain. Provides the background to this study along with the methodology used in calculating the numbers and an explanation of the categorisation used. The numerical findings are included in Appendix A with the data sources in Appendix B.
590 _aKA NTK
651 4 _aUnited Kingdom
690 _aEnergy
_96237
690 _aSustainability
_96271
856 4 0 _uhttps://www.decc.gov.uk/assets/decc/11/stats/energy/energy-efficiency/5620-review-of-the-number-of-cavity-walls-in-great-brit.pdf
_zview the report free of charge at www.decc.gov.uk
942 _n0
999 _c114382
_d114382